[Event "SRB-ch Central int"]
[Site "Dimitrovgrad"]
[Date "2023.08.21"]
[Round "2"]
[White "Smolin, Sergey"]
[Black "Bryakin, Mikhail"]
[Result "0-1"]
[WhiteElo "2101"]
[BlackElo "2462"]
[PlyCount "70"]
[EventDate "2023.08.20"]
[EventType "swiss"]
[EventRounds "9"]
[EventCountry "BUL"]
[SourceTitle "CBM 215 Extra"]
[Source "ChessBase"]
[SourceDate "2023.09.30"]
[SourceVersion "1"]
[SourceVersionDate "2023.09.30"]
[SourceQuality "1"]

1. e4 c6 2. d4 d5 3. exd5 cxd5 4. c3 Bf5 5. Qb3 Qd7 6. Bf4 Nc6 7. Nf3 f6 8. Nbd2 g5 9. Bg3 e6 10. Qa4 h5 11. h3 h4 12. Bh2 Bd6 13. Bxd6 Qxd6 14. Bb5 Nge7 15. Nb3 Kf7 16. Nc5 b6 17. Na6 Rac8 18. Nd2 Ng6 19. Nf1 Nf4 20. Ne3 Be4 21. Bf1 e5 22. dxe5 Nxe5 23. Qd4 Nxg2+ 24. Bxg2 Bxg2 25. 0-0-0 Bxh1 26. Rxh1 Nc6 27. Qxd5+ Qxd5 28. Nxd5 Rhd8 29. Ne3 Ne5 30. Rf1 Nd3+ 31. Kc2 Nf4 32. Rh1 Rd6 33. a4 Rcd8 34. Nc4 Rd3 35. Nb4 Rxh3 0-1

[Event "Primorsko op"]
[Site "Primorsko"]
[Date "2021.09.18"]
[Round "6"]
[White "Smolin, Sergey"]
[Black "Kirilov, Ivaylo"]
[Result "0-1"]
[WhiteElo "2144"]
[BlackElo "2063"]
[PlyCount "80"]
[EventDate "2021.09.13"]
[EventType "swiss"]
[EventRounds "9"]
[EventCountry "BUL"]
[SourceTitle "CBM 204 Extra"]
[Source "ChessBase"]
[SourceDate "2021.11.30"]
[SourceVersion "1"]
[SourceVersionDate "2021.11.30"]
[SourceQuality "1"]

1. e4 e5 2. Nf3 Nc6 3. Bc4 Bc5 4. 0-0 Nf6 5. d3 d6 6. c3 Bb6 7. h3 h6 8. Bb3 0-0 9. Nbd2 Ne7 10. Nc4 c6 11. Nxb6 Qxb6 12. Re1 Ng6 13. d4 Re8 14. dxe5 dxe5 15. Nh2 Be6 16. Be3 c5 17. Ng4 Nxg4 18. hxg4 Rad8 19. Qe2 Bxb3 20. axb3 Qxb3 21. Ra3 Qe6 22. Rxa7 b6 23. Ra6 Qd7 24. Rea1 Ne7 25. g5 hxg5 26. Bxg5 f6 27. Qc4+ Kf8 28. Be3 Nc8 29. Kh2 Qf7 30. Qe2 Rd6 31. Rh1 Kg8 32. f3 Red8 33. Rha1 Rd3 34. Bf2 Rd2 35. Qe3 Rd1 36. Rxd1 Rxd1 37. Qe2 Rd7 38. Ra1 c4 39. Rd1 Qe6 40. Qc2 b5 0-1

[Event "Primorsko op"]
[Site "Primorsko"]
[Date "2020.09.22"]
[Round "9"]
[White "Kanov, Nikola"]
[Black "Smolin, Sergey"]
[Result "1-0"]
[WhiteElo "2114"]
[BlackElo "2123"]
[PlyCount "140"]
[EventDate "2020.09.14"]
[EventType "swiss"]
[EventRounds "9"]
[EventCountry "BUL"]
[SourceTitle "CBM 198 Extra"]
[Source "ChessBase"]
[SourceDate "2020.11.30"]
[SourceVersion "1"]
[SourceVersionDate "2020.11.30"]
[SourceQuality "1"]

1. e4 g6 2. d4 Bg7 3. Nc3 a6 4. Be3 b5 5. Qd2 d6 6. h4 h6 7. a4 b4 8. Nd1 Bb7 9. f3 a5 10. Nf2 e6 11. Ne2 Nd7 12. g4 c5 13. c3 Qc7 14. Bg2 Ne7 15. cxb4 axb4 16. 0-0 Nc6 17. dxc5 Nxc5 18. Bxc5 dxc5 19. Rfc1 Qb6 20. Rd1 0-0 21. h5 g5 22. f4 gxf4 23. Qxf4 Ba6 24. Ng3 Rad8 25. g5 Qb8 26. Qh4 Qe5 27. gxh6 Bf6 28. Qh3 Rxd1+ 29. Rxd1 Bg5 30. Kh1 Nd4 31. Bf1 Bxf1 32. Rxf1 f6 33. Nd3 Qc7 34. Qg4 Kh7 35. e5 Qb7+ 36. Qe4+ Qxe4+ 37. Nxe4 Kxh6 38. exf6 c4 39. Ne5 c3 40. bxc3 bxc3 41. Ng6 Rf7 42. Ne5 Rf8 43. Nxc3 Nf5 44. Ne4 Kxh5 45. Rg1 Bxf6 46. Nd7 Rd8 47. Ndxf6+ Kh6 48. Ng8+ Kh5 49. Ngf6+ Kh6 50. Nc5 Ra8 51. Nfe4 Nd4 52. Rd1 e5 53. Rb1 Kg6 54. Rb6+ Kf5 55. Rf6+ Kg4 56. Kh2 Nb3 57. Nxb3 Rxa4 58. Nbd2 Ra3 59. Nc4 Ra2+ 60. Nf2+ Kh4 61. Nxe5 Kg5 62. Rf3 Ra5 63. Neg4 Ra1 64. Ne3 Ra5 65. Ne4+ Kg6 66. Rf6+ Kh7 67. Kg3 Rb5 68. Ra6 Rb3 69. Kf4 Rb4 70. Nf5 Rb7 1-0

[Event "Primorsko op"]
[Site "Primorsko"]
[Date "2020.09.21"]
[Round "8"]
[White "Smolin, Sergey"]
[Black "Nikolov, Yavor"]
[Result "1-0"]
[WhiteElo "2123"]
[BlackElo "2006"]
[PlyCount "85"]
[EventDate "2020.09.14"]
[EventType "swiss"]
[EventRounds "9"]
[EventCountry "BUL"]
[SourceTitle "CBM 198 Extra"]
[Source "ChessBase"]
[SourceDate "2020.11.30"]
[SourceVersion "1"]
[SourceVersionDate "2020.11.30"]
[SourceQuality "1"]

1. g3 d5 2. Bg2 Nf6 3. d3 c5 4. h3 Nc6 5. Nd2 e6 6. e4 Be7 7. Ne2 b6 8. 0-0 Bb7 9. Nc3 h6 10. Re1 0-0 11. Kh2 a6 12. e5 Nd7 13. f4 Qc7 14. Nf3 Rae8 15. a3 Nd8 16. d4 f6 17. Be3 Nc6 18. Ne2 cxd4 19. Nexd4 Bc5 20. Nxc6 Bxc6 21. Bd4 f5 22. c3 Be7 23. b4 Rf7 24. Qd2 Nf8 25. Bf1 b5 26. Bd3 g6 27. Rg1 Kh7 28. g4 Bd8 29. Rg3 Rg7 30. Rag1 Ree7 31. Bc5 Ref7 32. Bxf8 Rxf8 33. Nd4 Qd7 34. gxf5 exf5 35. Qg2 Rfg8 36. Nxf5 gxf5 37. Bxf5+ Kh8 38. Bxd7 Rxg3 39. Bxc6 Rxg2+ 40. Rxg2 Rxg2+ 41. Kxg2 Bh4 42. Bxd5 Be1 43. c4 1-0

[Event "Primorsko op"]
[Site "Primorsko"]
[Date "2020.09.18"]
[Round "5"]
[White "Atanasov, Ivaylo"]
[Black "Smolin, Sergey"]
[Result "0-1"]
[WhiteElo "1484"]
[BlackElo "2123"]
[PlyCount "48"]
[EventDate "2020.09.14"]
[EventType "swiss"]
[EventRounds "9"]
[EventCountry "BUL"]
[SourceTitle "CBM 198 Extra"]
[Source "ChessBase"]
[SourceDate "2020.11.30"]
[SourceVersion "1"]
[SourceVersionDate "2020.11.30"]
[SourceQuality "1"]

1. e4 g6 2. Nc3 Bg7 3. Nf3 a6 4. Bc4 d6 5. d4 e6 6. Bg5 Ne7 7. e5 d5 8. Bb3 c5 9. dxc5 Nbc6 10. Qe2 h6 11. Bf6 Kf8 12. Bxg7+ Kxg7 13. 0-0-0 Qc7 14. Na4 Bd7 15. Nb6 Raf8 16. Ba4 Nb8 17. Nxd7 Nxd7 18. b4 Nc6 19. Bxc6 Qxc6 20. a3 b6 21. cxb6 Nxb6 22. Kb2 Rc8 23. Nd4 Qc3+ 24. Kc1 Nc4 0-1

[Event "Wch Seniors 50 29th"]
[Site "Bucharest"]
[Date "2019.11.23"]
[Round "11"]
[White "Lewis, Andrew P"]
[Black "Smolin, Sergey"]
[Result "1/2-1/2"]
[WhiteElo "2264"]
[BlackElo "2103"]
[PlyCount "22"]
[EventDate "2019.11.12"]
[EventType "swiss"]
[EventRounds "11"]
[EventCountry "ROU"]
[SourceTitle "CBM 193 Extra"]
[Source "ChessBase"]
[SourceDate "2020.01.31"]
[SourceVersion "1"]
[SourceVersionDate "2020.01.31"]
[SourceQuality "1"]

1. c4 g6 2. d4 Bg7 3. e4 d6 4. Nc3 Nc6 5. Be3 e5 6. d5 Nce7 7. Qd2 f5 8. f3 Nf6 9. Bd3 0-0 10. Nge2 c5 11. exf5 gxf5 1/2-1/2

[Event "Wch Seniors 50 29th"]
[Site "Bucharest"]
[Date "2019.11.15"]
[Round "4"]
[White "Smolin, Sergey"]
[Black "Badea, Bela"]
[Result "1/2-1/2"]
[WhiteElo "2103"]
[BlackElo "2420"]
[PlyCount "47"]
[EventDate "2019.11.12"]
[EventType "swiss"]
[EventRounds "11"]
[EventCountry "ROU"]
[SourceTitle "CBM 193 Extra"]
[Source "ChessBase"]
[SourceDate "2020.01.31"]
[SourceVersion "1"]
[SourceVersionDate "2020.01.31"]
[SourceQuality "1"]

1. e4 d6 2. d4 Nf6 3. Nc3 e5 4. dxe5 dxe5 5. Qxd8+ Kxd8 6. Bc4 Ke8 7. f3 c6 8. Be3 a5 9. a4 Na6 10. Nge2 Nd7 11. Bxa6 Rxa6 12. b3 Nc5 13. Kf2 Be6 14. Nc1 Be7 15. Rd1 f6 16. Nd3 Nxd3+ 17. Rxd3 Kf7 18. Rad1 Raa8 19. f4 exf4 20. Bxf4 Rac8 21. Bd6 Ra8 22. e5 Bf5 23. R3d2 fxe5 24. Bxe5 1/2-1/2

[Event "Bled Planinc Memorial 1st"]
[Site "Bled"]
[Date "2018.11.24"]
[Round "8"]
[White "Borisek, Jure"]
[Black "Smolin, Sergey"]
[Result "1-0"]
[WhiteElo "2577"]
[BlackElo "2140"]
[PlyCount "84"]
[EventDate "2018.11.24"]
[EventType "swiss (blitz)"]
[EventRounds "9"]
[EventCountry "SLO"]
[SourceTitle "CBM 187 Extra"]
[Source "ChessBase"]
[SourceDate "2018.11.04"]
[SourceVersion "1"]
[SourceVersionDate "2018.11.04"]
[SourceQuality "1"]

1. e4 g6 2. d4 Bg7 3. Nc3 a6 4. f4 d5 5. e5 h5 6. Nf3 Nh6 7. Be3 Bf5 8. h3 e6 9. Qd2 Bf8 10. Be2 Be7 11. 0-0 Nd7 12. Na4 b5 13. Nc3 c5 14. Nd1 Be4 15. c3 Bxf3 16. Bxf3 Nf5 17. Bf2 h4 18. Bg4 Qb6 19. Bxf5 gxf5 20. Ne3 c4 21. b3 Rb8 22. Rab1 Qa5 23. bxc4 bxc4 24. Rxb8+ Nxb8 25. Rb1 Nc6 26. Rb7 Kf8 27. Be1 Kg7 28. Qb2 Rc8 29. Nf1 Ba3 30. Qb1 Ne7 31. Bxh4 Ng6 32. Qe1 Rc7 33. Rb8 Be7 34. Bxe7 Rxe7 35. Qg3 Qc7 36. Rb1 Re8 37. h4 Rh8 38. Qg5 Rxh4 39. Ng3 Qe7 40. Nh5+ Kh7 41. Nf6+ Kg7 42. Rb8 Rh8 1-0

[Event "Bled Planinc Memorial 1st"]
[Site "Bled"]
[Date "2018.11.24"]
[Round "9"]
[White "Smolin, Sergey"]
[Black "Berkovich, Mark A"]
[Result "0-1"]
[WhiteElo "2140"]
[BlackElo "2339"]
[PlyCount "90"]
[EventDate "2018.11.24"]
[EventType "swiss (blitz)"]
[EventRounds "9"]
[EventCountry "SLO"]
[SourceTitle "CBM 187 Extra"]
[Source "ChessBase"]
[SourceDate "2018.11.04"]
[SourceVersion "1"]
[SourceVersionDate "2018.11.04"]
[SourceQuality "1"]

1. e4 c5 2. Nc3 Nc6 3. Nge2 Nd4 4. Nxd4 cxd4 5. Ne2 e5 6. d3 Nf6 7. g3 d5 8. exd5 Qxd5 9. Rg1 Bg4 10. Bg2 Qd7 11. f3 Be6 12. Kf2 Bc5 13. Rf1 0-0 14. Kg1 Nd5 15. Kh1 Rae8 16. f4 Bg4 17. Bf3 Bh3 18. Bg2 Bxg2+ 19. Kxg2 Qc6 20. Kg1 e4 21. f5 Re7 22. Nf4 Rfe8 23. Nxd5 Qxd5 24. f6 Re6 25. Qg4 g6 26. Bg5 h5 27. Qh4 exd3 28. cxd3 Re2 29. Rf2 Rxf2 30. Kxf2 Qf5+ 31. Qf4 Qxd3 32. Re1 Qc2+ 33. Qd2 d3+ 34. Kf3 Rxe1 35. Qxe1 Kh7 36. Bd2 Qxb2 37. Bc3 Qxa2 38. h4 Qe2+ 39. Qxe2 dxe2 40. Kxe2 Kg8 41. Kd3 Kf8 42. Kc4 Bf2 43. Be5 Ke8 44. Kd5 Kd7 45. Bc3 Bxg3 0-1

[Event "Bled Planinc Memorial 1st"]
[Site "Bled"]
[Date "2018.11.24"]
[Round "2"]
[White "Smolin, Sergey"]
[Black "Movsziszian, Karen"]
[Result "0-1"]
[WhiteElo "2140"]
[BlackElo "2513"]
[PlyCount "64"]
[EventDate "2018.11.24"]
[EventType "swiss (blitz)"]
[EventRounds "9"]
[EventCountry "SLO"]
[SourceTitle "CBM 187 Extra"]
[Source "ChessBase"]
[SourceDate "2018.11.04"]
[SourceVersion "1"]
[SourceVersionDate "2018.11.04"]
[SourceQuality "1"]

1. e4 g6 2. Nc3 Bg7 3. f4 c6 4. Bc4 d5 5. exd5 b5 6. Bb3 b4 7. Ne4 cxd5 8. Ng3 Nf6 9. Nf3 0-0 10. d3 a5 11. a4 Nbd7 12. d4 Ba6 13. Ne5 e6 14. Be3 Rc8 15. Kf2 Nb6 16. Re1 Nc4 17. Bc1 Nd6 18. Kg1 Nfe4 19. Be3 Kh8 20. Qf3 Bb7 21. Rad1 f6 22. Nd3 Nc4 23. Bc1 Qb6 24. Nf2 f5 25. Be3 Nxb2 26. Rb1 Nc4 27. Rbd1 Nxe3 28. Qxe3 Rc3 29. Qc1 Nxf2 30. Kxf2 Bxd4+ 31. Kf1 Ba6+ 32. Ne2 Bg1 0-1

[Event "Minsk Amateur op"]
[Site "Minsk"]
[Date "2018.07.01"]
[Round "9"]
[White "Smolin, Sergey"]
[Black "Azadaliyev, Jahandar"]
[Result "1/2-1/2"]
[WhiteElo "2162"]
[BlackElo "1666"]
[PlyCount "114"]
[EventDate "2018.06.25"]
[EventType "swiss"]
[EventRounds "9"]
[EventCountry "BLR"]
[SourceTitle "CBM 185 Extra"]
[Source "ChessBase"]
[SourceDate "2018.07.29"]
[SourceVersion "1"]
[SourceVersionDate "2018.07.29"]
[SourceQuality "1"]

1. Nf3 f5 2. b3 Nf6 3. Bb2 d6 4. Bxf6 exf6 5. e3 d5 6. c4 c6 7. Nc3 dxc4 8. Bxc4 b5 9. Be2 Bd6 10. 0-0 0-0 11. Nd4 Be5 12. Bf3 Bxd4 13. exd4 b4 14. Ne2 Ba6 15. d3 Bb5 16. Re1 Qd6 17. Qd2 Nd7 18. Nf4 Rfe8 19. d5 Ne5 20. Be2 Nf7 21. g3 cxd5 22. Bf3 Ne5 23. Bg2 d4 24. Rac1 Rac8 25. Rxc8 Rxc8 26. Rc1 Rxc1+ 27. Qxc1 Bc6 28. Bxc6 Qxc6 29. Qxc6 Nxc6 30. Kf1 Kf7 31. Ke2 Ne7 32. Kd2 g5 33. Ne2 Nc6 34. f4 Ke6 35. Ng1 g4 36. Ne2 Kd5 37. Ng1 a5 38. Kc2 Na7 39. Ne2 h5 40. Kd2 Nb5 41. Kc2 Kc5 42. Nc1 Nc3 43. Kd2 Nd5 44. Ke2 Kb5 45. Kd2 Nc3 46. Kc2 Nd5 47. Kd2 Ne3 48. Ke2 Nd5 49. Kd2 Nc7 50. Ne2 Kc5 51. Nc1 Ne6 52. Ne2 Nf8 53. Kc2 Ng6 54. Kd2 Kd5 55. Ke1 Kc5 56. Kf2 Ne7 57. Ke1 Nd5 1/2-1/2

[Event "EU-ch 19th"]
[Site "Batumi"]
[Date "2018.03.24"]
[Round "7"]
[White "Lewtak, Damian"]
[Black "Smolin, Sergey"]
[Result "0-1"]
[WhiteElo "2370"]
[BlackElo "2153"]
[PlyCount "68"]
[EventDate "2018.03.17"]
[EventType "swiss"]
[EventRounds "11"]
[EventCountry "GEO"]
[SourceTitle "CBM 184"]
[Source "ChessBase"]
[SourceDate "2018.05.16"]
[SourceVersion "1"]
[SourceVersionDate "2018.05.16"]
[SourceQuality "1"]

1. d4 g6 2. e4 Bg7 3. Nf3 d6 4. h3 a6 5. a4 Nc6 6. Nc3 h6 7. Bf4 e6 8. Bc4 Nge7 9. e5 d5 10. Be2 b6 11. 0-0 Bb7 12. Qd2 Na5 13. Nd1 c5 14. Ne3 Nec6 15. Ng4 cxd4 16. b3 Qc7 17. Nxh6 Nxe5 18. Nxe5 Bxe5 19. Bxe5 Qxe5 20. Ng4 Qc7 21. b4 Nc4 22. Qxd4 0-0-0 23. f4 Kb8 24. Rf3 f5 25. Ne5 g5 26. Rc3 gxf4 27. Qxf4 Rhg8 28. Bf3 Ka7 29. Re1 Qd6 30. Re2 Rc8 31. Nd3 e5 32. Nxe5 Nxe5 33. Rxc8 Nxf3+ 34. Qxf3 Rxc8 0-1

[Event "EU-ch blitz"]
[Site "Katowice"]
[Date "2017.12.15"]
[Round "8"]
[White "Rocha, Sergio MC"]
[Black "Smolin, Sergey"]
[Result "1-0"]
[WhiteElo "2370"]
[BlackElo "2153"]
[PlyCount "123"]
[EventDate "2017.12.15"]
[EventType "swiss (blitz)"]
[EventRounds "22"]
[EventCountry "POL"]
[SourceTitle "CBM 182 Extra"]
[Source "ChessBase"]
[SourceDate "2018.02.23"]
[SourceVersion "1"]
[SourceVersionDate "2018.02.23"]
[SourceQuality "1"]

1. Nf3 g6 2. d4 Bg7 3. c4 c5 4. d5 b5 5. cxb5 a6 6. bxa6 Bxa6 7. g3 d6 8. Bg2 Nd7 9. 0-0 Ngf6 10. Re1 0-0 11. e4 Ng4 12. Nc3 Qa5 13. Bg5 Rfe8 14. Qd2 Nge5 15. Nxe5 Nxe5 16. Reb1 Nc4 17. Qc1 Nxb2 18. Bd2 Nc4 19. Be1 Qa3 20. Rb3 Qxc1 21. Rxc1 Reb8 22. h4 Ne5 23. Rxb8+ Rxb8 24. Rb1 Rxb1 25. Nxb1 Nd3 26. Bd2 Bd4 27. Be3 Bxe3 28. fxe3 Kf8 29. Bf1 Nb4 30. Nc3 Bxf1 31. Kxf1 Ke8 32. Ke2 f6 33. Kd2 Kd7 34. a3 Na6 35. Kd3 Kc7 36. Na4 Nb8 37. Kc4 Nd7 38. Kb5 Kb7 39. Nb2 Ne5 40. a4 Ng4 41. Nc4 Nf2 42. a5 Nxe4 43. a6+ Ka7 44. Nb6 Nc3+ 45. Ka5 c4 46. Nc8+ Kb8 47. Nxe7 Nd1 48. Kb6 c3 49. Nc6+ Ka8 50. Nd4 Nxe3 51. Kc6 Ka7 52. Nb5+ Kxa6 53. Nxc3 Nf5 54. g4 Nxh4 55. Kxd6 Kb7 56. Ke7 Nf3 57. d6 Ne5 58. Nd5 f5 59. g5 Nc6+ 60. Kf6 Ne5 61. Kxe5 Kc6 62. Ke6 1-0

[Event "EU-ch blitz"]
[Site "Katowice"]
[Date "2017.12.15"]
[Round "3"]
[White "Smolin, Sergey"]
[Black "Brunello, Sabino"]
[Result "1/2-1/2"]
[WhiteElo "2153"]
[BlackElo "2553"]
[PlyCount "114"]
[EventDate "2017.12.15"]
[EventType "swiss (blitz)"]
[EventRounds "22"]
[EventCountry "POL"]
[SourceTitle "CBM 182 Extra"]
[Source "ChessBase"]
[SourceDate "2018.02.23"]
[SourceVersion "1"]
[SourceVersionDate "2018.02.23"]
[SourceQuality "1"]

1. e4 e5 2. Nf3 Nc6 3. Bc4 Nf6 4. d4 exd4 5. e5 d5 6. Bb5 Ne4 7. 0-0 Bc5 8. Nxd4 Bxd4 9. Qxd4 0-0 10. Bxc6 bxc6 11. Nc3 Ng5 12. Bxg5 Qxg5 13. f4 Qg6 14. Rf2 Bf5 15. Rc1 Rfb8 16. Na4 a5 17. c3 Rb5 18. b3 h5 19. Nc5 Re8 20. a4 Rbb8 21. Rf3 h4 22. Qf2 Qh6 23. Re1 Re7 24. Rd1 Bg4 25. Rf1 Bxf3 26. Qxf3 f6 27. e6 f5 28. Re1 g5 29. fxg5 Qxg5 30. Rf1 Rf8 31. Qf4 Qxf4 32. Rxf4 Rf6 33. Rxh4 Rfxe6 34. Nxe6 Rxe6 35. Kf2 Kg7 36. Rd4 Kf6 37. Rd2 Re8 38. Re2 Rb8 39. Rb2 c5 40. Ke3 Ke5 41. g3 Rg8 42. Kf3 Rb8 43. Ke3 Kf6 44. Kd3 Kg5 45. Ke3 Kg4 46. Kf2 c4 47. b4 axb4 48. Rxb4 Ra8 49. Ke3 c5 50. Rb5 d4+ 51. cxd4 cxd4+ 52. Kxd4 Rxa4 53. Rb2 f4 54. gxf4 c3+ 55. Kxc3 Rxf4 56. Rb4 Rxb4 57. Kxb4 Kh3 1/2-1/2

[Event "EU-ch blitz"]
[Site "Katowice"]
[Date "2017.12.15"]
[Round "7"]
[White "Smolin, Sergey"]
[Black "Rocha, Sergio MC"]
[Result "0-1"]
[WhiteElo "2153"]
[BlackElo "2370"]
[PlyCount "81"]
[EventDate "2017.12.15"]
[EventType "swiss (blitz)"]
[EventRounds "22"]
[EventCountry "POL"]
[SourceTitle "CBM 182 Extra"]
[Source "ChessBase"]
[SourceDate "2018.02.23"]
[SourceVersion "1"]
[SourceVersionDate "2018.02.23"]
[SourceQuality "1"]

1. e4 g6 2. d4 Bg7 3. c3 d6 4. f4 Nd7 5. Nf3 c5 6. Bc4 e6 7. Bb3 Ngf6 8. e5 dxe5 9. dxe5 Ng4 10. h3 Nh6 11. g4 b6 12. 0-0 Bb7 13. Qe2 0-0 14. Nbd2 a5 15. Ne4 a4 16. Bc2 Qe7 17. g5 Nf5 18. Nf6+ Kh8 19. Kh2 Rfd8 20. Be4 Nf8 21. h4 Ba6 22. c4 Bb7 23. h5 gxh5 24. Nxh5 Ng6 25. Nf6 Bxe4 26. Qxe4 Rab8 27. Be3 Bxf6 28. gxf6 Qf8 29. Kg2 Rd7 30. Rh1 Qg8 31. Kf2 Rbd8 32. Rag1 Rd3 33. Bc1 R8d7 34. Ng5 R3d4 35. Qg2 Rd2+ 36. Kf3 Rxg2 37. Rxg2 h6 38. Rgh2 Qa8+ 39. Kg4 Rd4 40. Rxh6+ Nxh6+ 41. Rxh6+ 0-1